00704nam a22002057a 4500008004100000020001500041040001800056041000800074100002700082245008400109260006300193300003900256504005300295650001300348650002500361650004100386650002300427650002300450700002500473130821s1996 xxua gr eng  a019504407X aCo-BoUCMbspa00aeng1 aHouthakker, Hendrik S.14aThe economics of financial marketscHendrik S. Houthakker y Peter J. Williamson aNueva York (Estados Unidos)bOxford University Pressc1996 axiii, 361 páginasbilustraciones aIncluye referencias bibliográficas e índice.04aFinanzas04aMercado de capitales04aMercado de capitaleszEstados Unidos04aMercado de futuros04aMercado financiero1 aWilliamson, Peter J.